00816nam a22001937a 4500999001900000010001500019020003100034035001400065037001300079082001500092100002000107245009400127260004000221270013600261300002800397500003900425942002900464952012900493 c166898d166898 aENG-126172 a978-93-8676-122-4c1100.00 aEN-109704 bDBAD/PUB a333.315483 aP,Radhakrishnan aPeasant Struggles,Land Reforms and Social Change:cby Radhakrishnan PbMalabar 1836-1982/ aNew DelhibAne Books Pvt.Ltd.c2018 a4821,Parwana Bhawan,1st Floor24 Ansari Road, Darya GanjbNew Delhie110002k+91(011)23276843l+91(011)23276863mkapoor@anebooks.com axii226p.c23cm(hb)bill ait includes Index and bibliography 2ddccENh333.315483mPRA 001040708NFICaZLSbZLSd2019-08-14eDBAD/PUBg1100.00l0o333.315483 PRApEN-109704r2019-08-14 00:00:00t1v1100.00yEN